Education and dramatic art
Αποθηκεύτηκε σε:
| Κύριος συγγραφέας: | |
|---|---|
| Μορφή: | Βιβλίο |
| Γλώσσα: | English |
| Δημοσίευση: |
London ; New York :
Routledge,
[1998]
|
| Έκδοση: | 2nd ed. |
| Θέματα: | |
| Ετικέτες: |
Προσθήκη ετικέτας
Δεν υπάρχουν, Καταχωρήστε ετικέτα πρώτοι!
|
MARC
| LEADER | 00000nam a2200000 i 4500 | ||
|---|---|---|---|
| 001 | 1/95257 | ||
| 008 | 081013s19982009 eng d | ||
| 020 | |a 0-415-16884-8 (hbk.) | ||
| 020 | |a 0-415-16885-6 (pbk.) | ||
| 035 | |l 10100807 | ||
| 040 | |a GR-MY-UA |b gre |e aacr | ||
| 041 | 0 | |a eng | |
| 082 | 0 | |a 371.399 |2 (22) | |
| 100 | 1 | |a Hornbrook, David. | |
| 245 | 1 | 0 | |a Education and dramatic art / |c David Hornbrook |
| 250 | |a 2nd ed. | ||
| 260 | |a London ; New York : |b Routledge, |c [1998] | ||
| 300 | |a xi, 180 σ.; |c 24 εκ. | ||
| 504 | |a Βιβλιογραφία: σ. 172-177. Ευρετήριο | ||
| 650 | 0 | 0 | |a Drama in education. |
| 650 | 0 | 0 | |a Theater |x Study and teaching (Secondary) |
| 650 | 0 | 0 | |a Education |x Drama. |
| 852 | |a INST |b RHODES |e 20081013 |h 371.399 HOR |p 005400031058 |q 005400031058 |t BK |y 0 | ||
| 852 | |a INST |b RHODES |e 20140923 |h 371.399 HOR |p 005400036864 |q 005400036864 |t BK |y 0 | ||
| 901 | |a BIBL4-2008-3 | ||
| 901 | |a BIBL4-2014-3 | ||
| 909 | |a Ρ |b 153852 | ||
| 909 | |a Ρ |b 189208 | ||
| 922 | |a 4ΕΛΗ |b 200809 |c ΕΠΕΑΕΚ2/ΠΤΔΕ |d ΜΙΧΑΛΟΠΟΥΛΟΣ | ||
| 922 | |a 4ΕΛΗ |b 201405 |c ΤΑΚ/ΠΤΔΕ |d ΔΙΑΔΡΟΜΕΣ | ||
| 970 | |a ΧΑΡΙΟΠΟΛΙΤΟΥ |b ΚΩΝΣΤΑΝΤΙΝΑ |z 2008/10/13 | ||